000 01069nam a22002537a 4500
999 _c65595
_d65595
005 20240530110833.0
008 191001s2005 ua a f 000 0 ara d
017 _a2005/22612
_bمصر. دار الكتب
040 _aEG-CaGPL
_cEG-CaGPL
082 0 4 _221
_a305.520962
_bق/م ط
100 0 _aماجدة بركة
245 1 2 _aالطبقة العليا المصرية بين ثورتين (1919-1952) /
_cتاليف ماجدة بركة ؛ ترجمة محمود ماجد مترجم ؛ تقديم طارق بشروى
250 _aط.1
260 _aالقاهرة :
_bالمجلس الاعلى للثقافة،
_c2005
300 _a408 ص. :
_bايض .؛
_c24 سم
650 0 7 _2qrmak
_aالطبقات الاجتماعيه
_zمصر
650 0 7 _aالطبقات الاجتماعية
_yبين ثورتين 1919 - 1952
_zمصر
651 _2qrmak
653 _aالطبقة العليا فى مصر
700 0 _aمحمود ماجد
_eمترجم
700 0 _aطارق البشرى
_eمقدم
942 _2ddc
_cBK